| 000 | 00485 a2200181 4500 | ||
|---|---|---|---|
| 999 |
_c7048 _d7048 |
||
| 008 | 020515s1977 us eng | ||
| 020 | _a9711060043 | ||
| 100 | 1 | _aMercado, Leonardo N. | |
| 245 | 1 | 0 |
_aApplied Filipino philosophy / _cLeonardo N. Mercado. |
| 260 |
_aTacloban City : _bDivine Word, _cc1977. |
||
| 300 |
_a98 p. ; _c23 cm. |
||
| 336 | _atext | ||
| 337 | _aunmediated | ||
| 338 | _avolume | ||
| 650 | 4 | _aPhilosophy, Filipino. | |
| 650 | 4 | _aPhilosophy. | |
| 942 |
_2lcc _cBK |
||